The Life & Times of Swami Vivekananda / (Record no. 69286)
[ view plain ]
| 000 -LEADER | |
|---|---|
| fixed length control field | 00839nam a22002417a 4500 |
| 005 - DATE AND TIME OF LATEST TRANSACTION | |
| control field | 20180316115141.0 |
| 010 ## - LCCN (DPL NO) | |
| LC control number | ENG-105623 |
| 020 ## - INTERNATIONAL STANDARD BOOK NUMBER | |
| Terms of availability | 250.00 |
| International Standard Book Number | 9788184301618 |
| 035 ## - SYSTEM CONTROL NUMBER | |
| System control number | EN-89156 |
| 035 ## - SYSTEM CONTROL NUMBER | |
| System control number | B-528636-642 |
| 035 ## - SYSTEM CONTROL NUMBER | |
| System control number | B-667796 |
| 037 ## - SOURCE OF ACQUISITION | |
| Source of stock number/acquisition | DBAD/PUB |
| 037 ## - SOURCE OF ACQUISITION | |
| Source of stock number/acquisition | Ocean Books |
| 082 ## - DEWEY DECIMAL CLASSIFICATION NUMBER | |
| Classification number | 181.46 |
| 100 ## - MAIN ENTRY--PERSONAL NAME | |
| Personal name | Saraf, Nandini |
| 245 ## - TITLE STATEMENT | |
| Title | The Life & Times of Swami Vivekananda / |
| Statement of responsibility, etc | by Nandini Saraf |
| 260 ## - PUBLICATION, DISTRIBUTION, ETC. (IMPRINT) | |
| Place of publication, distribution, etc | New Delhi |
| Name of publisher, distributor, etc | Ocean Books |
| Date of publication, distribution, etc | 2012 |
| 270 ## - ADDRESS | |
| Address | 4/19 Asaf Ali Road |
| City | New Delhi |
| Postal code | 110002 |
| 300 ## - PHYSICAL DESCRIPTION | |
| Extent | 152p. |
| Dimensions | 22cm(Hb) |
| 942 ## - ADDED ENTRY ELEMENTS (KOHA) | |
| Source of classification or shelving scheme | Dewey Decimal Classification |
| Item type | English Books |
| Call number suffix | SAR |
| Classification part | 181.46 |
| Withdrawn status | Lost status | Not for loan | Collection code | Home library | Current library | Date acquired | Source of acquisition | Cost, normal purchase price | Full call number | Barcode | Copy number | Cost, replacement price | Koha item type |
|---|---|---|---|---|---|---|---|---|---|---|---|---|---|
| Non-fiction | Ashok Vihar | Ashok Vihar | 16/03/2018 | Ocean Books/19698/04.03.2017/357/15.02.2017/18.03.2017 | 250.00 | 181.46 SAR | B-667796 | 1 | 250.00 | English Books | |||
| Non-fiction | Central Jail Tihar | Central Jail Tihar | 12/06/2014 | Ocean Books/19422/28.10.2013/34/10.10.2013/29.10.2013 | 200.00 | 181.46 SAR | B-528640 | 1 | 200.00 | English Books | |||
| Not For Loan | Non-fiction | D.B.Act.Division | D.B.Act.Division | 24/08/2012 | DBAD/PUB | 250.00 | 181.46 SAR | EN-89156 | 1 | 250.00 | English Books | ||
| Non-fiction | Janak Puri | Janak Puri | 12/06/2014 | Ocean Books/19422/28.10.2013/34/10.10.2013/29.10.2013 | 200.00 | 181.46 SAR | B-528641 | 1 | 200.00 | English Books | |||
| Non-fiction | Kasturba Gandhi Marg | Kasturba Gandhi Marg | 12/06/2014 | Ocean Books/19422/28.10.2013/34/10.10.2013/29.10.2013 | 200.00 | 181.46 SAR | B-528637 | 1 | 200.00 | English Books | |||
| Non-fiction | Patel Nagar | Patel Nagar | 12/06/2014 | Ocean Books/19422/28.10.2013/34/10.10.2013/29.10.2013 | 200.00 | 181.46 SAR | B-528636 | 1 | 200.00 | English Books | |||
| Non-fiction | Peshwa Road | Peshwa Road | 12/06/2014 | Ocean Books/19422/28.10.2013/34/10.10.2013/29.10.2013 | 200.00 | 181.46 SAR | B-528638 | 1 | 200.00 | English Books | |||
| Non-fiction | Shahdara Branch | Shahdara Branch | 12/06/2014 | Ocean Books/19422/28.10.2013/34/10.10.2013/29.10.2013 | 200.00 | 181.46 SAR | B-528642 | 1 | 200.00 | English Books | |||
| Non-fiction | Tri Nagar | Tri Nagar | 12/06/2014 | Ocean Books/19422/28.10.2013/34/10.10.2013/29.10.2013 | 200.00 | 181.46 SAR | B-528639 | 1 | 200.00 | English Books |
